འབྲུག་གི་བཙག་འཐུའི་བཅའ་ཁྲིམས་༢༠༠༧་ ཅན་མ། (Record no. 844)
[ view plain ]
| 000 -LEADER | |
|---|---|
| fixed length control field | 00783nam a2200193 4500 |
| 001 - CONTROL NUMBER | |
| control field | 1198 |
| 005 - DATE AND TIME OF LATEST TRANSACTION | |
| control field | 20190912093740.0 |
| 008 - FIXED-LENGTH DATA ELEMENTS--GENERAL INFORMATION | |
| fixed length control field | 190912b ||||| |||| 00| 0 eng d |
| 090 00 - LOCALLY ASSIGNED LC-TYPE CALL NUMBER (OCLC); LOCAL CALL NUMBER (RLIN) | |
| Classification number (OCLC) (R) ; Classification number, CALL (RLIN) (NR) | 342.07 E381d 2008 |
| 110 ## - MAIN ENTRY--CORPORATE NAME | |
| Corporate name or jurisdiction name as entry element | Election Commission of Bhutan. |
| 245 00 - TITLE STATEMENT | |
| Title | འབྲུག་གི་བཙག་འཐུའི་བཅའ་ཁྲིམས་༢༠༠༧་ ཅན་མ། |
| Remainder of title | Election Act of the Kingdom of Bhutan, 2008 / |
| Statement of responsibility, etc. | Election Commission of Bhutan. |
| 246 ## - VARYING FORM OF TITLE | |
| Title proper/short title | Election Act of the Kingdom of Bhutan, 2008. |
| 260 00 - PUBLICATION, DISTRIBUTION, ETC. | |
| Place of publication, distribution, etc. | Thimphu : |
| Name of publisher, distributor, etc. | Election Commission of Bhutan, |
| Date of publication, distribution, etc. | 2008. |
| 300 00 - PHYSICAL DESCRIPTION | |
| Extent | x, 198 p. |
| 500 ## - GENERAL NOTE | |
| General note | Electronic copy available on RTC Cloud in "Library" folder |
| General note | In Dzongkha and English. |
| 650 00 - SUBJECT ADDED ENTRY--TOPICAL TERM | |
| Topical term or geographic name entry element | Election law --Bhutan. |
| 942 ## - ADDED ENTRY ELEMENTS (KOHA) | |
| Source of classification or shelving scheme | Dewey Decimal Classification |
| Koha item type | Dzongkha |
| Withdrawn status | Lost status | Source of classification or shelving scheme | Damaged status | Not for loan | Collection code | Home library | Current library | Shelving location | Serial Enumeration / chronology | Inventory number | Total Checkouts | Full call number | Barcode | Date last seen | Copy number | Price effective from | Koha item type | Date acquired | Date last checked out |
|---|---|---|---|---|---|---|---|---|---|---|---|---|---|---|---|---|---|---|---|
| Dewey Decimal Classification | Periodicals | RTC Library | RTC Library | Periodicals | 4331 | Periodicals Series | 30004036 | 27/11/2018 | 5 | 27/11/2018 | Periodicals | ||||||||
| Dewey Decimal Classification | Reference | RTC Library | RTC Library | Reference | 2080 | 342 ELE | 30002768 | 25/03/2024 | 3 | 27/11/2018 | Reference | 25/03/2024 | |||||||
| Dewey Decimal Classification | Dzongkha | RTC Library | RTC Library | Dzongkha | 2079 | 3 | 342 ELE | 30002766 | 12/01/2022 | 4 | 27/11/2018 | Dzongkha | 12/01/2022 | 13/11/2020 | |||||
| Dewey Decimal Classification | Periodicals | RTC Library | RTC Library | Periodicals | 4330 | Periodicals Series | 30004031 | 27/11/2018 | 2 | 27/11/2018 | Periodicals | ||||||||
| Dewey Decimal Classification | Periodicals | RTC Library | RTC Library | Periodicals | 4329 | Periodicals Series | 30004025 | 27/11/2018 | 1 | 27/11/2018 | Periodicals |